| 000 | 01181nam a2200241Ia 4500 | ||
|---|---|---|---|
| 999 |
_c52655 _d52655 |
||
| 001 | 19679 | ||
| 003 | GE_BSU | ||
| 005 | 20200323000229.0 | ||
| 008 | 181216s1980||||ge |||||||||||||| ||geo|| | ||
| 040 | _cGE_BSU | ||
| 041 | _ageo | ||
| 080 | _a811.353.1'373 ქ-27 | ||
| 245 |
_aქართული სიტყვის კულტურის საკითხები წ. 3. : _b[სტატიების კრებული] / _cსარედ. კოლ. : ი. გიგინეიშვილი (რედ.), ლ. ლეჟავა (მდ.), ქ. ლომთათიძე და სხვ. |
||
| 264 |
_aთბილისი : _bმეცნიერება, _c1980. |
||
| 300 |
_a337გვ. ; _c22 სმ. |
||
| 541 | _h4ლ.90თ. | ||
| 653 | _aქართული ენა | ||
| 653 | _aქართული სიტყვის კულტურა | ||
| 700 |
_aგიგინეიშვილი ი. _eრედაქტორი _95514 |
||
| 710 |
_aსაქ. სსრ მეცნ. აკადემია _97779 |
||
| 710 |
_aენათმეცნიერების ინსტიტუტი _91236 |
||
| 942 |
_cBK _2udc |
||